Contemporary Indian Poetry in English: an Assessment and Selecgtion (Record no. 39948)

MARC details
000 -LEADER
fixed length control field 00442nam a2200133Ia 4500
008 - FIXED-LENGTH DATA ELEMENTS--GENERAL INFORMATION
fixed length control field 211109s9999||||xx |||||||||||||| ||und||
082 ## - DEWEY DECIMAL CLASSIFICATION NUMBER
Classification number 821.07
Item number PEE-C
100 ## - MAIN ENTRY--PERSONAL NAME
Personal name Peeradina, Saleem
245 #0 - TITLE STATEMENT
Title Contemporary Indian Poetry in English: an Assessment and Selecgtion
260 ## - PUBLICATION, DISTRIBUTION, ETC.
Name of publisher, distributor, etc. Macmillan
Place of publication, distribution, etc. India
Date of publication, distribution, etc. 1962
630 ## - SUBJECT ADDED ENTRY--UNIFORM TITLE
General subdivision GENERAL STACK
650 ## - SUBJECT ADDED ENTRY--TOPICAL TERM
Topical term or geographic name entry element Literature & rhetoric
942 ## - ADDED ENTRY ELEMENTS (KOHA)
Koha item type BOOK
650 ## - SUBJECT ADDED ENTRY--TOPICAL TERM
Form subdivision English & old english literatures
General subdivision English poetryEnglish
Holdings
Withdrawn status Lost status Damaged status Not for loan Home library Current library Date acquired Cost, normal purchase price Total Checkouts Full call number Barcode Shelving location Date last seen Price effective from Koha item type
        SB LIBRARY SB LIBRARY 09/11/2021 22.00   821.07 PEE-C 00081504 GENERAL STACK 09/11/2021 09/11/2021 BOOK

Powered by Koha